Tansania-Quiz - Statistiken

Allgemein
  • Dieses Quiz wurde 3.264 mal gespielt
  • Das Durchschnittsergebnis liegt bei 16 aus 24
Antwortstatistiken
Frage Antwort % Korrekt
Nachbarland Kenia
90%
Höchster Berg Afrikas Kilimandscharo
86%
Nachbarland Ruanda
86%
Europäisches Land, das Tansania kolonisierte Deutschland
85%
De facto Amtssprache Englisch
85%
Nachbarland Mosambik
84%
Nachbarland Uganda
84%
Europäisches Land, das Tansania kolonisierte Vereinigtes Königreich
84%
Nachbarland Burundi
81%
Nachbarland D.R. Kongo
80%
Nachbarland Malawi
79%
Einer der größten angrenzenden Seen Malawisee
79%
Einer der größten angrenzenden Seen Victoriasee
77%
Nachbarland Sambia
73%
Insel, die während kurzer Zeit ein unabhängiges Sultanat war Sansibar
72%
Spruch mit Bedeutung "keine Sorgen", durch ein Disney Movie berühmt geworden Hakuna Matata
65%
Hauptstadt Dodoma
62%
Stadt mit den meisten Einwohnern Dar es Salaam
52%
De facto Amtssprache Swahili
50%
Wichtigster Wirtschaftssektor Tansanias Landwirtschaft
46%
Savannenregion im Norden, die extrem reich an Wildtieren ist Serengeti
40%
Volksgruppe, die für Viehhaltung bekannt ist Massai
33%
Größter angrenzender See Tanzanias Tanganjikasee
26%
Die obige Insel war einst weltweit der wichtigste Exporteur dieses Gewürzes Nelke
18%
Keine übereinstimmenden Quizze gefunden
Verteilung der Resultate
Anzahl Personen mit jedem Resultat
Perzentil nach korrekt beantworteten Fragen
Ihre Resultats-Entwicklung
Sie haben dieses Quiz noch nicht gespielt